000 00664nam a2200169Ia 4500
008 150610s9999 xx 000 0 und d
020 _a9780679422846
050 _aE745
_b.S34S44 2009
100 _aSheehan, Neil
245 2 _aA fiery peace in cold war:
_bBernard Schriever and the ultimate weapon /
_cNeil Sheehan.
260 _aNew York :
_bRandom House,
_c2009.
300 _a534pages ;
_c24 cm.
504 _aIncludes bibliographical references and index.
650 _aIntercontinental ballistic missiles-Design and construction
_bHistory.
650 _aMilitary engineers-United States
_xBiography.
650 _aUnited States, Air Force Officers
_xBiography.
999 _c288008
_d288008